Messy Bessey / (Record no. 2153)

MARC details
000 -LEADER
fixed length control field 00991cam a2200325 a 4500
005 - DATE AND TIME OF LATEST TRANSACTION
control field 20250813132943.0
020 ## - INTERNATIONAL STANDARD BOOK NUMBER
International Standard Book Number 0516216503
020 ## - INTERNATIONAL STANDARD BOOK NUMBER
International Standard Book Number 9780516270036
040 ## - CATALOGING SOURCE
Original cataloging agency DLC
Transcribing agency DLC
Modifying agency DLC
Language of cataloging eng
050 00 - LIBRARY OF CONGRESS CALL NUMBER
Classification number PZ7.M478693
Item number Me 1999
082 00 - DEWEY DECIMAL CLASSIFICATION NUMBER
Classification number 468
Edition number 21
100 1# - MAIN ENTRY--PERSONAL NAME
Personal name McKissack, Pat
Dates associated with a name 1944-2017
245 10 - TITLE STATEMENT
Title Messy Bessey /
Statement of responsibility, etc. written by Patricia and Frederick McKissack ; illustrated by Dana Regan.
250 ## - EDITION STATEMENT
Edition statement [Rev. ed.].
260 ## - PUBLICATION, DISTRIBUTION, ETC.
Place of publication, distribution, etc. New York :
Name of publisher, distributor, etc. Children's Press,
Date of publication, distribution, etc. 1999.
300 ## - PHYSICAL DESCRIPTION
Extent 31 pages :
Other physical details Illustrations
Dimensions 19 cm
505 ## - FORMATTED CONTENTS NOTE
Formatted contents note F
520 ## - SUMMARY, ETC.
Summary, etc. Bessey finally cleans up her messy room.
521 ## - TARGET AUDIENCE NOTE
Target audience note 330
Source Lexile
521 ## - TARGET AUDIENCE NOTE
Target audience note F
Source Raz-Plus
650 #1 - SUBJECT ADDED ENTRY--TOPICAL TERM
Topical term or geographic name entry element Cleanliness
Form subdivision Fiction.
650 #1 - SUBJECT ADDED ENTRY--TOPICAL TERM
Topical term or geographic name entry element Orderliness
Form subdivision Fiction.
650 #1 - SUBJECT ADDED ENTRY--TOPICAL TERM
Topical term or geographic name entry element Behavior
Form subdivision Fiction.
650 #1 - SUBJECT ADDED ENTRY--TOPICAL TERM
Topical term or geographic name entry element African Americans
Form subdivision Fiction.
700 1# - ADDED ENTRY--PERSONAL NAME
Personal name McKissack, Fredrick.
Relator term Coauthor
700 1# - ADDED ENTRY--PERSONAL NAME
Personal name Regan, Dana,
Relator term illustrator
906 ## - LOCAL DATA ELEMENT F, LDF (RLIN)
a 7
b cbc
c orignew
d 1
e ocip
f 19
g y-gencatlg
942 ## - ADDED ENTRY ELEMENTS (KOHA)
Source of classification or shelving scheme Dewey Decimal Classification
Koha item type Books
Suppress in OPAC No
999 ## -
-- 2153
-- 2153
Holdings
Withdrawn status Lost status Source of classification or shelving scheme Damaged status Not for loan Collection Home library Current library Shelving location Date acquired Total Checkouts Full call number Barcode Date last seen Price effective from Koha item type
    Dewey Decimal Classification     Juvenile Fiction Footprints International School Library Network Toul Kork Campus Footprints International School Library Network Toul Kork Campus TK Primary Library Room(4th Floor), Bookcase 7, Shelves 57-60, Dark Green Books 11/07/2023   MCK 468 PZ7.M478693 FISTK03224 11/07/2023 11/07/2023 Books
    Dewey Decimal Classification     Juvenile Fiction Footprints International School Library Network Toul Tom Poung Campus Footprints International School Library Network Toul Tom Poung Campus TTP Primary Green Bookshelves 08/13/2025   MCK 468 PZ7.M478693 FIS02952 08/13/2025 08/13/2025 Books